5HLuxD.jpg

KING HENRY VIII SENIOR AND PRIMARY SCHOOL LIBRARY OPAC

Savage shapes / (Record no. 2061)

000 -LEADER
fixed length control field 01107cam a2200265 a 4500
001 - CONTROL NUMBER
control field (Sirsi) a656018
003 - CONTROL NUMBER IDENTIFIER
control field OSt
005 - DATE AND TIME OF LATEST TRANSACTION
control field 20230303110329.0
008 - FIXED-LENGTH DATA ELEMENTS--GENERAL INFORMATION
fixed length control field 101108s2010 enka c 000 0 eng d
020 ## - INTERNATIONAL STANDARD BOOK NUMBER
International Standard Book Number 9781407107103 (pbk.) :
040 ## - CATALOGING SOURCE
Original cataloging agency TAE
Language of cataloging eng
Transcribing agency TAE
Modifying agency KH8
042 ## - AUTHENTICATION CODE
Authentication code nbic
082 0# - DEWEY DECIMAL CLASSIFICATION NUMBER
Classification number 516.15 POS
100 1# - MAIN ENTRY--PERSONAL NAME
Personal name Poskitt, Kjartan.
Relator term author
245 10 - TITLE STATEMENT
Title Savage shapes /
Statement of responsibility, etc. Kjartan Poskitt ; illustrated by Philip Reeve.
260 ## - PUBLICATION, DISTRIBUTION, ETC.
Place of publication, distribution, etc. London :
Name of publisher, distributor, etc. Scholastic,
Date of publication, distribution, etc. 2010.
300 ## - PHYSICAL DESCRIPTION
Extent 160 p. :
Other physical details ill. ;
Dimensions 20 cm.
490 0# - SERIES STATEMENT
Series statement Murderous maths.
520 ## - SUMMARY, ETC.
Summary, etc. Using a host of hilarious characters, Kjartan Poskitt presents all the tricks, tips and shortcuts to shapes they don't teach at school. Readers will find out how to command respect throughout the entire Universe, learn why the US defence headquarters is a penagon, and discover the quickest way to get a naked Colonel back to his beach hut.
521 1# - TARGET AUDIENCE NOTE
Target audience note 9-12.
650 #0 - SUBJECT ADDED ENTRY--TOPICAL TERM
Topical term or geographic name entry element Shapes
Form subdivision Juvenile literature.
650 #0 - SUBJECT ADDED ENTRY--TOPICAL TERM
Topical term or geographic name entry element Geometrical constructions
Form subdivision Juvenile literature.
700 1# - ADDED ENTRY--PERSONAL NAME
Personal name Reeve, Philip,
Dates associated with a name 1966-
Relator term illustrator
942 ## - ADDED ENTRY ELEMENTS (KOHA)
Source of classification or shelving scheme
Koha item type Books - Non Ficton
Holdings
Withdrawn status Lost status Source of classification or shelving scheme Damaged status Not for loan Collection code Permanent Location Current Location Shelving location Date acquired Total Checkouts Full call number Barcode Date last seen Date last checked out Price effective from Koha item type
          Non-Fiction KH8 Primary School Library KH8 Primary School Library Non Fiction 2023-03-03 7 516.15 POS KHPL000003787 2025-12-05 2025-10-01 2023-03-03 Books - Non Ficton

Powered By KH8 IT Dept